| Tag |
First Indicator |
Second Indicator |
Subfields |
| LEADER |
00000cam a2200000 a 4500 |
| 001 |
in00000088669 |
| 005 |
20151008065206.0 |
| 008 |
780531s1977 maua b 01000 eng d |
| 035 |
|
|
|a (OCoLC)03941440
|
| 035 |
|
|
|9 AAK5515AM
|
| 040 |
|
|
|a NSF
|c NSF
|d m.c.
|d TXA
|d UtOrBLW
|
| 049 |
|
|
|a TXAM
|c [1655599]
|
| 090 |
|
|
|a QC929.H15
|b H2
|
| 245 |
0 |
0 |
|a Hail :
|b a review of hail science and hail suppression /
|c by Stewart W. Borland [and others] ; edited by G. Brant Foote and Charles A. Knight.
|
| 264 |
|
1 |
|a Boston :
|b American Meteorological Society,
|c 1977.
|
| 300 |
|
|
|a xvii, 277 pages :
|b illustrations ;
|c 29 cm.
|
| 336 |
|
|
|a text
|b txt
|2 rdacontent
|
| 337 |
|
|
|a unmediated
|b n
|2 rdamedia
|
| 338 |
|
|
|a volume
|b nc
|2 rdacarrier
|
| 490 |
1 |
|
|a Meteorological monographs,
|v v. 16, no. 38
|
| 500 |
|
|
|a "A memorial volume dedicated to Frank Henry Ludlam."
|
| 504 |
|
|
|a Includes bibliographies.
|
| 600 |
1 |
0 |
|a Ludlam, F. H.
|q (Frank Henry)
|
| 650 |
|
0 |
|a Hail.
|
| 650 |
|
0 |
|a Hail control.
|
| 700 |
1 |
|
|a Borland, Stewart W.
|
| 700 |
1 |
|
|a Foote, G. Brant.
|
| 700 |
1 |
|
|a Knight, Charles Alfred,
|d 1936-
|
| 830 |
|
0 |
|a Meteorological monographs (American Meteorological Society) ;
|v v. 16, no. 38.
|
| 999 |
|
|
|a MARS
|
| 999 |
f |
f |
|s 3f6803f1-5737-39eb-a1ea-ccdc26f0e895
|i b1fb117e-5a12-39e9-ac08-4eca1051792c
|t 0
|
| 952 |
f |
f |
|p normal
|a Texas A&M University
|b College Station
|c Sterling C. Evans Library
|d Evans: Library Stacks
|t 0
|e QC929.H15 H2
|h Library of Congress classification
|i unmediated -- volume
|m A14806210082
|
| 998 |
f |
f |
|a QC929.H15 H2
|t 0
|l Evans: Library Stacks
|